| 000 | 00000nam 2200000zi 4500 |
| 001 | 9.912853 |
| 003 | CaOODSP |
| 005 | 20230119132205 |
| 006 | m o d f |
| 007 | cr cn||||||||| |
| 008 | 220628t20222022quc o f000 0 eng d |
| 020 | |a9780660442952 |
| 040 | |aCaOODSP|beng|erda|cCaOODSP |
| 043 | |an-cn--- |
| 086 | 1 |aP54-3/2022E-PDF |
| 245 | 00|aClient service feedback survey, 2021-2022. |
| 264 | 1|aGatineau QC : |bPublic Services and Procurement Canada, |c2022. |
| 264 | 4|c©2022 |
| 300 | |a1 online resource (33 pages) + |eexecutive summary (4 pages) |
| 336 | |atext|btxt|2rdacontent |
| 337 | |acomputer|bc|2rdamedia |
| 338 | |aonline resource|bcr|2rdacarrier |
| 500 | |aIssued also in French under title: Sondage sur la rétroaction du service à la clientèle, 2021-2022. |
| 500 | |a"Contract number: EP082-212778/001/CY." |
| 500 | |a"Registration number: POR 130-20." |
| 650 | 0|aConsumer satisfaction|zCanada|xPublic opinion. |
| 650 | 0|aPublic opinion|zCanada. |
| 710 | 1 |aCanada. |bPublic Services and Procurement Canada, |eissuing body. |
| 710 | 2 |aAdvanis (Firm), |eissuing body. |
| 775 | 08|tSondage sur la rétroaction du service à la clientèle, 2021-2022.|w(CaOODSP)9.912852 |
| 794 | |tClient service feedback survey, #002.|w(CaOODSP)9.916017 |
| 856 | 40|qPDF|s1.07 MB|uhttps://publications.gc.ca/collections/collection_2022/spac-pspc/P54-3-2022-eng.pdf|zReport |
| 856 | 40|qPDF|s211 KB|uhttps://publications.gc.ca/collections/collection_2022/spac-pspc/P54-3-2022-1-eng.pdf|zExecutive summary |